Appraisal review journal and mortgage underwritting

Bibliographic Details
Format: Book
Language:English
Published: Arizona : National Association of Review Appraisers and Mortgage Underwriters , 1987
Subjects:

MARC

LEADER 00000cam a2200000 7i4500
001 0000018998
005 20090425.0
008 081129s azua eng
022 0 |a 0195 - 4407 
040 |a INS 
090 0 0 |a HD251   |b A67 
245 0 0 |a Appraisal review journal and mortgage underwritting 
260 |a Arizona :   |b National Association of Review Appraisers and Mortgage Underwriters ,   |c 1987 
300 |a 1 v. ( Various pagings) :   |b ill. ;   |c 30 cm. 
650 0 0 |a Assessment   |x Periodicals 
650 0 0 |a Real property   |x Valuation   |x Societies, etc.   |x Periodicals 
999 |a SER0000221   |b BOOK   |c Open Shelf   |e Default branch 
999 |a SER0000222   |b BOOK   |c Open Shelf   |e Default branch 
999 |a SER0000223   |b BOOK   |c Open Shelf   |e Default branch 
999 |a SER0000224   |b BOOK   |c Open Shelf   |e Default branch 
999 |a SER0001141   |b BOOK   |c Open Shelf   |e Default branch 
999 |a SER0001142   |b BOOK   |c Open Shelf   |e Default branch 
999 |a SER0001143   |b BOOK   |c Open Shelf   |e Default branch 
999 |a SER0001594   |b BOOK   |c Open Shelf   |e Default branch 
999 |a SER0002588   |b BOOK   |c Open Shelf   |e Default branch 
999 |a SER0003207   |b BOOK   |c Open Shelf   |e Default branch 
999 |a SER0004585   |b BOOK   |c Open Shelf   |e Default branch 
999 |a SER0004586   |b BOOK   |c Open Shelf   |e Default branch 
999 |a SER0004587   |b BOOK   |c Open Shelf   |e Default branch 
999 |a SER0005300   |b BOOK   |c Open Shelf   |e Default branch 
999 |a SER0005805   |b BOOK   |c Open Shelf   |e Default branch